Organización y liderazgo en los movimientos populares novohispanos
保存先:
| 主要な著者: | , , |
|---|---|
| フォーマット: | 図書 |
| 言語: | スペイン語 |
| 出版事項: |
Ciudad de México
Universidad Nacional Autónoma de México
1992
|
| 版: | 1a. ed |
| シリーズ: | Historia Novohispana, 47
|
| 主題: | |
| タグ: |
タグ追加
タグなし, このレコードへの初めてのタグを付けませんか!
|
MARC
| LEADER | 00000cam a2200000 a 4500 | ||
|---|---|---|---|
| 001 | UCG2745 | ||
| 003 | CL-VaPUC | ||
| 008 | 100723e19920000mx |||||||||||||||||spa|d | ||
| 020 | |a 9683625029 | ||
| 082 | 0 | 4 | |a 972.04 |b CAS |2 21 |
| 100 | 0 | |a Castro Gutiérrez, Felipe |e author |9 551328 | |
| 700 | |a Guedea, Virginia |e author |9 551331 | ||
| 700 | 0 | |a Mirafuentes Galván, José Luis |e author |9 551330 | |
| 245 | 1 | 0 | |a Organización y liderazgo en los movimientos populares novohispanos |
| 250 | |a 1a. ed | ||
| 300 | |a 253 p | ||
| 942 | |c BK | ||
| 945 | |d 20100723 00:00:00 |a mfarfan | ||
| 260 | |a Ciudad de México |b Universidad Nacional Autónoma de México |c 1992 | ||
| 650 | 0 | |a Historiografía |9 257871 | |
| 650 | 7 | |a INDIGENAS MEXICANOS |2 CL-VaPUC |9 342376 | |
| 650 | 7 | |a REVOLUCIONARIOS |2 CL-VaPUC |9 328485 | |
| 651 | 0 | |a México |9 255269 | |
| 583 | |a last modification |c 20140813 02:20:08 |k Rodrigo Vera | ||
| 490 | 0 | |a Historia Novohispana, 47 | |
| 999 | |c 341871 |d 341869 | ||
| 952 | |0 0 |1 0 |4 0 |6 972_040000000000000_CAS_1992 |7 0 |8 A |9 437674 |a BIBHIS |b BIBHIS |d 2019-11-22 |i 4697766 |o 972.04 CAS 1992 |p 4697766 |r 2025-01-20 |w 2019-11-22 |y BK |k HIS | ||